=LDR 00000nam 2200000 4500 =001 INLIS000000000024282 =005 20141220114109.0 =006 =007 =008 Ind =035 ##$$0010-061300000024282 =041 ##$$a Ind =082 ##$$a 232 =090 ##$$a 232, Phi a =100 ##$$a Philips, Abu Ameenah =245 ##$$a Agama yesus yang sebenarnya, Abu Ameenah Philips =260 ##$$a 2004 $b Jakarta =300 ##$$a 200 hlm, 15 cm =650 ##$$a Agama Yesus =850 ##$$a NBPNMAT